Länder in der Nähe von Barbados - Statistiken

Allgemein
  • Dieses Quiz wurde 96 mal gespielt
  • Das Durchschnittsergebnis liegt bei 17 aus 20
Antwortstatistiken
km Land % Korrekt
1401 Haiti
94%
1097 Dominikanische Republik
91%
1669 Bahamas
90%
507 Guyana
90%
1844 Jamaika
90%
145 St. Lucia
88%
833 Suriname
88%
869 Brasilien
87%
525 St. Kitts und Nevis
87%
158 St. Vincent und die Grenadinen
87%
217 Trinidad und Tobago
87%
1252 Kolumbien
86%
1722 Kuba
86%
201 Grenada
85%
2001 Panama
85%
357 Venezuela
85%
467 Antigua und Barbuda
83%
276 Dominica
82%
2269 Ecuador
63%
2112 Peru
55%
Keine übereinstimmenden Quizze gefunden
Verteilung der Resultate
Anzahl Personen mit jedem Resultat
Perzentil nach korrekt beantworteten Fragen
Ihre Resultats-Entwicklung
Sie haben dieses Quiz noch nicht gespielt